00342nam a2200157Ia 4500008004000000041000800040082001100048100000600059245003200065260003900097650001000136650001200146650000700158650000700165650001200172210210b1909 xxu||||| |||| 00| 0 eng d aeng a920/61 a- aStudy of history in schools aLondonbThe macmilan companyc1909 aStudy aschools aof ain ahistory